Formel 1 Podium 1992 - Statistiken

Allgemein
  • Dieses Quiz wurde 150 mal gespielt
  • Das Durchschnittsergebnis liegt bei 6 aus 7
Antwortstatistiken
Antwort % Korrekt
Ayrton Senna
98%
Nigel Mansell
96%
Michael Schumacher
93%
Gerhard Berger
80%
Jean Alesi
71%
Riccardo Patrese
66%
Martin Brundle
46%
Keine übereinstimmenden Quizze gefunden
Verteilung der Resultate
Anzahl Personen mit jedem Resultat
Perzentil nach korrekt beantworteten Fragen
Ihre Resultats-Entwicklung
Sie haben dieses Quiz noch nicht gespielt